Переведенная статья из "Нейе фрее пресс" ("Neue Freie Presse") "Лорис-Меликов"

RUSMARC
00004955nac2a22003373x 450
001616fed29-bdc4-4c5f-ace7-fa4dcb65a636
00520240819190033.0
100##$a20240716l1880 k y0rusy50 ca
1010#$arus
102##$aRU
105##$ay z |||||
1220#$ad18800502
2001#$aПереведенная статья из "Нейе фрее пресс" ("Neue Freie Presse") "Лорис-Меликов"
$j02.05.1880
215##$a4 листа
$d37,7 х 25
251##$cДело
300##$aЗаголовок дела на папке: Переведенная статья из "Ней фрай пресс" ("Neue Freie Presse") - Лорис-Меликов
300##$aРукописный текст
325##$aЗамикрофильмировано
330##$aВходит в раздел описи: Отзывы прессы о Лорис-Меликове М. Т.
461#0$1001cda3d175-ae4a-411a-8dea-9cc20fb178f6
$12001
$aЛорис-Меликов Михаил Тариелович, граф, министр внутренних дел, главный начальник "верховной распорядительной комиссии по охранению государственного порядка и общественного спокойствия", генерал от кавалерии
$1251
$cФонд
$1852
$j569
462#0$1001163e060a-d7cc-404d-90ee-e28c9801971b
$12001
$aОпись дел фонда М. Т. Лорис-Меликова за 1858-1915 гг.
$vД. 111
$1251
$cОпись
$1852
$j1
5171#$aПереведенная статья из "Ней фрай пресс" ("Neue Freie Presse") - Лорис-Меликов
600#1$aЛорис-Меликов
$bМ. Т.
$cграф
$gМихаил Тариелович
60102$aNeue Freie Presse
605##$3DITM\AF\0000002775
$aВласть
$lколлекция
$2acquisition_prlib
6101#$aНейе фрее пресс
$aСтатья
686##$a63.3(2)535-332ю1
$cИстория
$2rubbk
686##$a67.400.6ю1
$cПраво
$2rubbk
801#0$aRU
$bGA_RF
801#1$aRU
$bГлавНИВЦ
$c20240716
$2rusmarc
801#2$aRU
$bПБ им. Б.Н. Ельцина
$c20240819
$gRCR
$2rusmarc
852##$aГА РФ
$j111
937##$d193622670
$hГАРФ
035##$aRuPRLIB51076470
856##$uhttp://readingroom.main.prlib.ru/item.aspx?id_node=n193622670&mode=full
Формат отображения